Największe miasta we Francji A-Z - Statystyki

Ogólne statystyki
  • Ten quiz został rozwiązany 23 razy
  • Średni wynik to 9 z 22
Statystyki odpowiedzi
Litera Miasto Ludność % Poprawnych
P Paryż 2.229.621
100%
T Tuluza 511.250
100%
M Marsylia 855.393
95%
L Lyon 501.155
90%
N Nicea 342.295
80%
R Rennes 211.396
80%
B Bordeaux 243.626
70%
S Strasburg 275.718
70%
D Dijon 153.003
60%
H Hawr 172.074
30%
A Angers 150.125
25%
G Grenoble 160.215
25%
W Wersal 85.272
25%
O Orléans 114.375
10%
Q Quimper 63.532
10%
V Villeurbanne 147.192
10%
C Clermont-Ferrand 141.463
5%
E Épinay-sur-Seine 54.857
5%
F Fontenay-sous-Bois 53.124
5%
I Issy-les-Moulineaux 65.662
5%
J Joué-lès-Tours 37.703
0%
Y Yerres 28.797
0%
Nie znaleziono quizów pasujących do podanych kryteriów
Rozkład punktacji
Procent ludzi z każdym wynikiem
Percentyl według liczby udzielonych odpowiedzi
Twoja historia wyników
Nie rozwiązałeś tego quizu